Detalles MARC
| 000 -LIDER |
| fixed length control field |
01074nam a22002657a 4500 |
| 001 - NÚMERO DE CONTROL |
| Identificador de número de control |
00520 |
| 003 - IDENTIFICACDOR DE NÚMERO DE CONTROL |
| control field |
DO-SdBNP |
| 005 - DATE AND TIME OF LATEST TRANSACTION |
| control field |
20231003123814.0 |
| 007 - CAMPOS FIJOS DE DESCRIPCIÓN FÍSICA |
| fixed length control field |
00520 |
| 008 - ELEMENTOS DE LONGITUD FIJA |
| fixed length control field |
160609b sp 1961 00| 0 spa d |
| 040 ## - FUENTE DE CATALOGACIÓN |
| Agencia que crea de manera original el registro |
BPMSU |
| Idioma de catalogación |
spa |
| Agencia que realiza la transcripción |
BPMSU |
| 082 #4 - NÚMERO DE CLASIFICACIÓN DECIMAL DE DEWEY |
| Classification number |
330.942 |
| Item number |
A425e 1961 |
| Edition number |
22 |
| 100 1# - ASIENTO PRINCIPAL -- NOMBRE PERSONAL |
| Nombre personal |
Allen, Roy George Douglas, |
| Fechas asociadas con el nombre |
1906-1983. |
| 245 1# - MENCIÓN DE TITULO |
| Título |
Estadística para economistas / |
| Mención de responsabilidad |
R. G. D. Allen ; traducción Ramón Verea. |
| 250 ## - MENCIÓN DE EDICION |
| Mención de edición |
2a ed. |
| 260 ## - PUBLICACIÓN, DISTRIBUCIÓN, ETC. (PIE DE IMPRENTA) |
| Lugar de publicación, distribución, etc |
España : |
| Nombre del editor, distribuidor, etc. |
Juventud, |
| Fecha de publicación, distribución, etc |
1961. |
| 300 ## - DESCRIPCIÓN FÍSICA |
| Extensión |
200 p. : |
| Dimensiones |
22 cm. |
| 500 ## - NOTA GENERAL |
| Nota general |
Incluye índice de autores |
| 505 ## - NOTA DE CONTENIDO |
| Título |
La materia prima de la estadística -- |
| -- |
Los datos estadísticos conocidos como fuentes informativas -- |
| -- |
Gráficos y diagramas -- |
| -- |
Estadística derivada -- |
| -- |
Distribuciones de frecuencias -- |
| -- |
Números índices -- |
| -- |
Correlación -- |
| -- |
Series cronológicas -- |
| -- |
La adecuada elección de los grupos representativos. |
| 590 ## - NOTA LOCAL |
| Texto de la nota local |
Inventariado, 2023/VM |
| 650 #4 - ENCABEZAMIENTO DE MATERIA--TEMÁTICO |
| Término temático o nombre geográfico como elemento de entrada |
Historia económica |
| Subdivisión geográfica |
Inglaterra. |
| 700 1# - ASIENTO SECUNDARIO -- NOMBRE PERSONAL |
| Nombre personal |
Verea, Ramón, |
| Mención de responsabilidad |
tr. |
| 910 ## - VALIDACIÓN |
| Validación |
VMateo V. Control de calidad. BPMSU |
| 942 ## - ADDED ENTRY ELEMENTS (KOHA) |
| Source of classification or shelving scheme |
Dewey Decimal Classification |
| Koha item type |
Libros |